Narrative discourse: an essay in method

I tiakina i:
Ngā taipitopito rārangi puna kōrero
Kaituhi matua: Genette, Gérard (Author)
Hōputu: Pukapuka
Reo:Ingarihi
I whakaputaina: Ithaca Cornell University 1980
Ngā marau:
Ngā Tūtohu: Tāpirihia he Tūtohu
Kāore He Tūtohu, Me noho koe te mea tuatahi ki te tūtohu i tēnei pūkete!

MARC

LEADER 00000nam a2200000 a 4500
001 UCM9136
003 CL-VaPUC
008 030411e19800000US |||||||||||||||||eng|d
082 0 4 |a 808.33  |b GEN  |2 21 
100 |a Genette, Gérard  |e author  |9 551377 
245 1 0 |a Narrative discourse: an essay in method 
300 |a 285 p 
942 |c BK 
945 |d 20030411 00:00:00  |a cmena 
260 |a Ithaca  |b Cornell University  |c 1980 
650 0 |a Retórica   |9 266620 
650 0 |a Narración   |9 310539 
650 0 |a Análisis del discurso  |9 256696 
583 |a last modification  |c 20030411 00:00:00  |k Rodrigo Vera 
999 |c 303512  |d 303510 
952 |0 0  |1 0  |4 0  |6 808_330000000000000_GEN_1980  |7 0  |8 A  |9 364861  |a FDOPOS  |b FDOPOS  |d 2019-11-21  |i 389522K  |o 808.33 GEN 1980  |p 389522K  |r 2025-01-22  |w 2019-11-21  |y BK  |k MLA